000 00817nam a2200229 a 4500
999 _c3156
_d3156
005 20200521115620.0
008 140310b2002 cl ||||| |||| 00| 0 spa d
040 _aCO-BoIAVH
_cCO-BoIAVH
041 _aspa
044 _acl
090 _aLB
_b02917
111 _aConferencia de las partes CITES
_cSantiago de Chile
_d2002
_n12
_918747
245 _aConvención sobre el comercio internacional de especies amenazadas de fauna y flora silvestre
_bduodécima reunión de la conferencia de las partes
260 _aSantiago de Chile
_bCITES
_bUNEP
_c2002
300 _a2 vol.
650 _aComercio de especies amenazadas
_918748
650 _aPolíticas ambientales
_9103071
650 _aConvenios internacionales
_9103072
650 _aCITES
_92790
650 _aComercio ilegal de especies
_94724
942 _cImpreso
_2z